00753nam a22001815i 450000100060000000300090000600500170001500700030003200800410003504000200007610000310009624501820012726000890030930000210039850000930041971000330051285200260054554637ES-MaACL20240203062544.0t|960725s1887 sp ||||1| spa d aCAM bspa cCAM1 aFuentes Espluga, Delfín.10aDiscurso leido en la Universidad Central el día 9 de mayo de 1887 al recibir el grado de doctor en derecho civil y canónico / cpor el licenciado Delfín Fuentes y Espluga. aMadrid : b[s.n.], c1887 (fEstablecimiento tipográfico de El Progreso Editorial) a60 p. ; c23 cm. aTema: La jurisprudencia romana, armonizando el derecho escrito con la conciencia social.2 aUniversidad Central (Madrid) aES-MaACLjT-1031-F-16